[Event "Floripa Chess Open 2024"]
[Site "Florianopolis"]
[Date "2024.01.20"]
[Round "1.125"]
[White "Carvalho Jr, Celestino"]
[Black "Blaszkosky, Vinicius"]
[Result "1-0"]
[WhiteElo "1939"]
[BlackElo "1314"]
[PlyCount "43"]
[EventDate "2024.01.20"]
[EventRounds "10"]
[EventCountry "BRA"]

1. e4 c5 2. c3 d5 3. e5 Nc6 4. d4 ({RR} 4. Bb5 Bd7 5. Bxc6 Bxc6 6. Nf3 e6 7.
O-O d4 8. d3 dxc3 9. bxc3 Ne7 10. Bg5 h6 11. Bxe7 Bxe7 12. c4 O-O 13. Na3 Qa5
14. Nc2 Rfd8 15. Qe2 Qc3 16. Rfd1 Rd7 17. Rac1 Bxf3 18. gxf3 Bg5 {Dulenko,M  
(2144)-Levin,E (2505) Sochi 2016 0-1 (58)}) 4... Qc7 ({RR} 4... c4 5. Nf3 Bg4
6. Be2 g6 7. h3 Bxf3 8. Bxf3 Bg7 9. Qe2 e6 10. Bf4 Nge7 11. O-O b5 12. Bg5 a5
13. Nd2 Qb6 14. a4 bxa4 15. Bxe7 Kxe7 16. Rfb1 Rhb8 17. Rxa4 Nxd4 18. cxd4 Qxd4
19. Nxc4 {Kozub,L (1331)-Dobrodenka,T (1473) Bratislava SVK 2023 1-0}) 5. Be3
cxd4 $146 ({RR} 5... h5 6. dxc5 Bg4 7. Nf3 Nxe5 8. Qxd5 Rd8 9. Bb5+ Nc6 10. Qb3
Bxf3 11. gxf3 e6 12. Nd2 Nf6 13. O-O-O a6 14. Ba4 Be7 15. Qb6 Qxb6 16. cxb6 Rc8
17. Ne4 Nd5 18. Bd4 O-O 19. Bxc6 Rxc6 20. Rhg1 {Montavon,G (2095)-Kuehn,S  
(2295) Hamburg 1997 0-1 (41)}) 6. cxd4 Bf5 7. Nc3 e6 8. a3 a6 9. Rc1 b5 10. b4
Nxb4 11. axb4 Bxb4 12. Bd2 Ba3 13. Nxb5 Qe7 14. Nc7+ Kf8 15. Nxa8 Bxc1 16. Qxc1
Qb7 17. Nc7 Ne7 18. Nxa6 Nc6 19. Nf3 Ke7 20. Qc5+ Kd7 21. Qd6+ Ke8 22. Bb5 1-0

[Event "Floripa Chess Open 2024"]
[Site "Florianopolis"]
[Date "2024.01.20"]
[Round "1.127"]
[White "Silva, Adriano Da"]
[Black "Tischler Lema Garcia, Maria Eduarda"]
[Result "1-0"]
[WhiteElo "1926"]
[BlackElo "1299"]
[PlyCount "67"]
[EventDate "2024.01.20"]
[EventRounds "10"]
[EventCountry "BRA"]

1. d4 d5 2. c4 e6 3. cxd5 exd5 4. Nc3 Nf6 5. Bg5 Be7 6. Qc2 Be6 7. Nf3 O-O 8.
e3 Nbd7 9. Bd3 h6 10. Bh4 c6 11. O-O Rc8 12. a3 $146 ({RR} 12. Rad1 Bg4 13. Bf5
Bxf5 14. Qxf5 Qc7 15. Ne5 Nxe5 16. dxe5 Nh7 17. Bg3 Qb6 18. Rd2 Ng5 19. Rfd1
Ne6 20. h4 Rcd8 21. Ne2 Nc5 22. Nc3 Ne6 23. Ne2 Bb4 24. Rc2 d4 25. exd4 Nxd4
26. Nxd4 Rxd4 {Moldovan,J-Balakrishnan,P (1608) Parsippany 2012 1/2-1/2}) 12...
Qc7 13. b4 a6 14. Rfc1 Bd6 15. Na4 Bg4 16. Bg3 Bxg3 17. hxg3 Bxf3 18. gxf3 Qd6
19. Nc5 Rc7 20. Kg2 Re8 21. a4 Nh5 22. Qd2 Qf6 23. Ra3 Qg5 24. Rh1 Nxc5 25.
bxc5 Nf6 26. Rb3 Nd7 27. Rhb1 Ra8 28. Rxb7 Rxb7 29. Rxb7 Qd8 30. a5 Qc8 31. Qb4
Qd8 32. Bf5 Nf8 33. Qb6 Qf6 34. Rb8 1-0

[Event "Floripa Chess Open 2024"]
[Site "Florianopolis"]
[Date "2024.01.20"]
[Round "1.128"]
[White "Pedroso, Denian"]
[Black "Martins, Marlos Da Rosa"]
[Result "1-0"]
[WhiteElo "1924"]
[BlackElo "1296"]
[PlyCount "105"]
[EventDate "2024.01.20"]
[EventRounds "10"]
[EventCountry "BRA"]

1. e4 {ChessBase} c5 2. c3 e6 3. d4 d5 4. exd5 exd5 5. Nf3 Nf6 6. Be2 ({RR} 6.
Bb5+) ({RR} 6. Bg5 c4 ({RR} 6... Be7)) 6... Be7 7. O-O ({RR} 7. dxc5) 7... O-O
8. dxc5 Bxc5 9. Nbd2 ({RR} 9. Bg5 Be7 10. Nbd2 Nc6 11. Nb3 Re8 12. Re1 Bg4 ({RR
} 12... h6) 13. Qc2 Qd7 {1/2-1/2 (13) Hort,V (2600)-Karpov,A (2705) Montreal
1979 MCL [ChessBase]}) 9... Nc6 10. Nb3 Bb6 11. Nbd4 Qd6 $146 ({RR} 11... Bg4
12. Bg5 h6 13. Bh4 Re8 14. h3 Bh5 15. Nxc6 bxc6 16. Nd4 Bxe2 17. Nxe2 c5 18. a4
Bc7 19. Bg3 Rb8 20. Qc2 Bxg3 21. Nxg3 Qb6 22. Rab1 d4 23. Rfd1 Red8 24. cxd4
cxd4 25. Nf5 Rd7 26. b4 {Gatterer,F (2175)-Souleidis,G (2421) chess.com INT
2023 0-1 (74)}) 12. Qd3 a6 13. Bg5 Bc7 14. Bh4 Ne4 15. Bg3 Nxg3 16. hxg3 h6 17.
Rad1 Re8 18. Rfe1 Bd7 19. Nf5 Bxf5 20. Qxf5 Rad8 21. Bd3 Rxe1+ 22. Rxe1 g6 23.
Qg4 Bb6 24. Rd1 Kg7 25. Nh4 Kg8 26. Re1 Ne5 27. Qe2 Re8 28. Qd2 Kg7 29. Be2 d4
30. cxd4 Qxd4 31. Qxd4 Bxd4 32. Kf1 Kf8 33. b3 Rc8 34. f4 Nc6 35. Nf3 Bg7 36.
Rd1 Rd8 37. Rc1 Bf6 38. Bxa6 Nb4 39. Bxb7 Nxa2 40. Rc8 Ke7 41. Rxd8 Kxd8 42. g4
Kc7 43. Bd5 Kd6 44. Bxf7 g5 45. f5 Kc5 46. Ke2 Kb4 47. Nd2 Nc3+ 48. Kd3 Nb5 49.
Ne4 Be5 50. Bc4 Nc7 51. f6 Ba1 52. f7 Bg7 53. Nf6 1-0

[Event "Floripa Chess Open 2024"]
[Site "Florianopolis"]
[Date "2024.01.20"]
[Round "1.129"]
[White "Damasio, Fabio Ferreira"]
[Black "Gazola, Vanessa Ramos"]
[Result "0-1"]
[WhiteElo "1296"]
[BlackElo "1921"]
[PlyCount "64"]
[EventDate "2024.01.20"]
[EventRounds "10"]
[EventCountry "BRA"]

1. e4 c5 2. Nc3 Nc6 3. g3 g6 4. Bg2 Bg7 5. Nge2 d6 6. O-O e6 7. d3 Nge7 8. Bg5
O-O 9. Qd2 Nd4 10. Nxd4 cxd4 11. Ne2 Bd7 ({RR} 11... e5 12. c3 f6 13. Bh6 dxc3
14. bxc3 Bxh6 15. Qxh6 Be6 16. c4 Qd7 17. a4 f5 18. exf5 Nxf5 19. Qg5 d5 20. g4
Qe7 21. Qxe7 {1/2-1/2 (21) Spassky,B (2560)-Andersson,U (2625) Reykjavik 1988})
({RR} 11... e5 12. Bh6 Be6 13. Bxg7 Kxg7 14. f4 f6 15. h3 h5 16. b3 Qd7 17. Kh2
Rac8 18. Rac1 Nc6 19. Ng1 h4 20. g4 exf4 21. Rxf4 g5 22. Rf2 Ne5 23. Nf3 Nxf3+
24. Bxf3 Qc7 25. Rcf1 Qc5 26. Kh1 {Krstevski,V (2065)-Ozen,S (1809) Skopje MKD
2023 1/2-1/2}) 12. Qb4 h6 $146 ({RR} 12... Nc6 13. Qd2 Qb6 14. Rab1 Rac8 15. c4
a5 16. Bh6 Qb4 17. Rfd1 e5 18. a3 Bxh6 19. Qxh6 Qc5 20. f4 f5 21. Rf1 b5 22. b3
bxc4 23. bxc4 Rb8 24. exf5 Bxf5 25. Bd5+ Kh8 26. Rb7 {1-0 (26) Tompa,J (2450)
-Wilde,P (2295) Germany 1993}) 13. Bxe7 Qxe7 14. Nxd4 a5 15. Qb6 Rfc8 16. c3 e5
17. Nc2 Be6 18. Qe3 b5 19. f4 b4 20. c4 exf4 21. Qxf4 Bxb2 22. Rab1 Bg7 23. Qe3
Rab8 24. Rb3 Bd7 25. Rbb1 Ba4 26. Nd4 Qa7 27. Kh1 Qxd4 28. Qxd4 Bxd4 29. Rf3 b3
30. axb3 Bxb3 31. Bh3 Rc7 32. Bf1 a4 0-1

[Event "Floripa Chess Open 2024"]
[Site "Florianopolis"]
[Date "2024.01.20"]
[Round "1.130"]
[White "Rekik, Ismail"]
[Black "Rahn, Marlon Cristiano"]
[Result "1-0"]
[WhiteElo "1919"]
[BlackElo "1295"]
[PlyCount "37"]
[EventDate "2024.01.20"]
[EventRounds "10"]
[EventCountry "BRA"]

1. c4 c5 2. Nc3 Nf6 3. g3 Nc6 4. Bg2 e6 5. e4 d6 6. d3 ({RR} 6. f4 Be7 7. Nf3
a6 8. O-O Rb8 9. Kh1 b5 10. d3 Nd7 11. Ne2 Nb6 12. cxb5 axb5 13. d4 O-O 14. b3
Bb7 15. Be3 c4 16. g4 Nb4 17. Ng3 f5 18. exf5 N6d5 19. Bc1 Nd3 20. Ne1 Nxc1 {
Galliamova,A (2477)-Rustemov,A (2598) Moscow 2005 1-0 (37)}) 6... Be7 7. Nge2
a6 8. h3 $146 ({RR} 8. O-O Rb8 9. b3 O-O 10. Bb2 b5 11. h3 Qc7 12. f4 Rd8 13.
Qe1 Nb4 14. Rd1 Bd7 15. g4 Be8 16. Ng3 Nd7 17. Nh5 Nc2 18. Qg3 Nd4 19. Rf2 g6
20. Bh1 gxh5 21. gxh5+ Kf8 22. Rg2 Bf6 {Sardo,A-Bednarich,J Rimini 1994 1/2-1/
2 (36)}) ({RR} 8. O-O Bd7 9. b3 Rb8 10. a4 O-O 11. Bb2 Nd4 12. f4 b5 13. axb5
axb5 14. Nxd4 cxd4 15. Nxb5 Bxb5 16. cxb5 e5 17. fxe5 dxe5 18. Ba3 Rxb5 19. Bf3
Nd7 20. Qd2 Rxb3 21. Bxe7 Qxe7 22. Ra7 Qd6 {Roose,C (1776)-Malfliet,A (1755)
Pula (Sardinia) ITA 2023 1/2-1/2}) 8... Bd7 9. O-O Qc7 10. Be3 O-O 11. f4 e5
12. fxe5 Nxe5 13. Bg5 h6 14. Bxf6 Bxf6 15. Nd5 Qd8 16. Nxf6+ gxf6 17. Nf4 Qc7
18. Nd5 Bxh3 19. Nxc7 1-0

[Event "Floripa Chess Open 2024"]
[Site "Florianopolis"]
[Date "2024.01.20"]
[Round "1.132"]
[White "Muzzi, Eduardo"]
[Black "Vieira, Igor Do Nascimento"]
[Result "1-0"]
[WhiteElo "1913"]
[BlackElo "1280"]
[PlyCount "67"]
[EventDate "2024.01.20"]
[EventRounds "10"]
[EventCountry "BRA"]

1. e4 Nf6 2. Nc3 d5 3. e5 Nfd7 4. Nf3 e6 5. d4 c5 6. Be2 Nc6 7. dxc5 ({RR} 7.
O-O cxd4 8. Nxd4 Ndxe5 9. Bf4 Ng6 10. Bg3 Bd6 11. Bb5 Qc7 12. Bxd6 Qxd6 13. Qf3
O-O 14. Nxc6 bxc6 15. Bd3 Nf4 16. Ne2 Nxd3 17. cxd3 e5 18. Nc3 f5 19. Rfe1 e4
20. dxe4 fxe4 21. Qg3 Qxg3 {Dilmukhametov,A (2276)-Moreby,J (2319) chess.com
INT 2022 0-1 (203)}) ({RR} 7. Be3 cxd4 8. Bxd4 Nxd4 9. Qxd4 a6 10. O-O-O Qb6
11. Qxb6 Nxb6 12. Nd4 Bd7 13. f4 Rc8 14. a3 Bxa3 15. bxa3 Rxc3 16. Rd3 Rc7 17.
Rb3 Na4 18. Kd2 Nc5 19. Rb2 b5 20. Bd3 O-O 21. Re1 f6 {Dahlgren,J (1770)-Belov,
A (2421) chess.com INT 2023 0-1}) 7... Bxc5 8. Bf4 Qc7 $146 ({RR} 8... O-O 9.
Bg3 a6 10. O-O Bb6 11. Re1 f6 12. exf6 Nxf6 13. Bd3 Bc7 14. Bh4 Qd6 15. g3 Kh8
16. Bf1 Bd7 17. Bg2 h6 18. Qd2 Be8 19. Rad1 Rd8 20. Re2 Bg6 21. Rde1 Rde8 22.
a3 Bf5 23. b4 {Cserti,S (1770)-Brehovsky,P (1673) Passau 2000 0-1 (45)}) 9. Nb5
Qb6 10. O-O O-O 11. Bd3 f5 12. exf6 e5 13. Bg3 Nxf6 14. Be2 a6 15. Nc3 d4 16.
Na4 Qa5 17. c3 dxc3 18. Qb3+ Kh8 19. Nxc3 h6 20. Nh4 Re8 21. Qf7 Be6 22. Qxb7
Nd4 23. Ng6+ Kh7 24. Bxe5 Nxe2+ 25. Nxe2 Kxg6 26. Nf4+ Kf5 27. Nxe6 Kxe6 28.
Rfe1 Bxf2+ 29. Kxf2 Ng4+ 30. Kg1 Nxe5 31. Qxg7 Rg8 32. Qxh6+ Rg6 33. Qxg6+ Kd7
34. Rad1+ 1-0

[Event "Floripa Chess Open 2024"]
[Site "Florianopolis"]
[Date "2024.01.20"]
[Round "1.135"]
[White "Buffon, Maria Ivy Segalin"]
[Black "Peixoto, Rudson Marinho"]
[Result "0-1"]
[WhiteElo "1254"]
[BlackElo "1895"]
[PlyCount "85"]
[EventDate "2024.01.20"]
[EventRounds "10"]
[EventCountry "BRA"]

1. e4 c5 2. Nf3 d6 3. c3 Nf6 4. Bd3 g6 5. Bc2 Bg7 6. O-O O-O 7. d4 ({RR} 7. d3
Nc6 8. Nbd2 Bg4 9. h3 Bxf3 10. Nxf3 Nd7 11. Re1 b5 12. d4 b4 13. Ba4 Rc8 14.
Bg5 bxc3 15. bxc3 h6 16. Be3 Nb6 17. Bb5 cxd4 18. cxd4 Nb4 19. Re2 Nc4 20. Bxc4
Rxc4 21. Qb3 d5 {Akopian,V (2678)-Bologan,V (2652) Moscow 2002 1-0 (59)}) 7...
Qc7 8. Bf4 ({RR} 8. h3 Nbd7 9. Qe2 e5 10. dxe5 dxe5 11. Rd1 a6 12. a4 Rb8 13.
Na3 h6 14. Be3 Qc6 15. Qd3 b5 16. Qd6 Bb7 17. Qxc6 Bxc6 18. Rd6 Rfc8 19. Rad1
Bf8 20. R6d2 Rc7 21. a5 Rbb7 22. Nxe5 Nxe5 {Serpetsidaki,E (1498)-Stefanidi,M 
(1955) Nikaia GRE 2023 0-1}) 8... Nh5 $146 ({RR} 8... Bg4 9. Nbd2 cxd4 10. cxd4
Nc6 11. Be3 Rfc8 12. Rc1 d5 13. e5 Nd7 14. h3 Bxf3 15. Nxf3 e6 16. h4 Qb6 17.
b3 Bf8 18. Bb1 Ba3 19. Rc3 Nb4 20. Rxc8+ Rxc8 21. h5 Qc7 22. hxg6 fxg6 23. Bh6
{Kolago,M (2328)-Gazik,V (2431) Jastrzebia Gora 2015 1-0 (49)}) 9. Be3 Bg4 10.
Nbd2 e5 11. dxc5 dxc5 12. h3 Bc8 13. Qe2 b6 14. Rfd1 Ba6 15. Bd3 Bxd3 16. Qxd3
Rd8 17. Qc4 Nd7 18. Ng5 Nf8 19. b4 h6 20. Ngf3 Ne6 21. Nb3 Bf8 22. bxc5 bxc5
23. Rd5 Nef4 24. Rd2 Rxd2 25. Nfxd2 Rd8 26. Nc1 Qe7 27. Ne2 Qg5 28. Nxf4 Nxf4
29. Bxf4 Qxf4 30. Nb3 h5 31. Qe2 Be7 32. Rd1 Rxd1+ 33. Qxd1 Qxe4 34. Qd7 Qe1+
35. Kh2 Bh4 36. Qd2 Qxf2 37. Qxf2 Bxf2 38. c4 h4 39. Nd2 f5 40. Nf1 Kf7 41. g3
hxg3+ 42. Nxg3 Bxg3+ 43. Kxg3 0-1

[Event "Floripa Chess Open 2024"]
[Site "Florianopolis"]
[Date "2024.01.20"]
[Round "1.136"]
[White "Ferreira, Gabriel Duque"]
[Black "Nunes, Nicole"]
[Result "1-0"]
[WhiteElo "1891"]
[BlackElo "1253"]
[PlyCount "33"]
[EventDate "2024.01.20"]
[EventRounds "10"]
[EventCountry "BRA"]

1. c4 c5 2. Nc3 g6 3. g3 Bg7 4. Bg2 Nf6 5. Nf3 O-O 6. O-O d5 7. cxd5 Nxd5 8.
Nxd5 Qxd5 9. d3 Rd8 ({RR} 9... Qh5 10. Be3 Na6 11. Rb1 h6 12. Qa4 Rb8 13. Rfc1
Rd8 14. a3 Bd7 15. Qa5 Be6 16. b4 Ba2 17. bxc5 Bxb1 18. Rxb1 Rdc8 19. d4 Qf5
20. Nd2 Qd7 21. c6 Rxc6 22. Bxc6 Qxc6 23. d5 Qc2 24. Qb5 {Burmakin,V (2558)
-Cori Tello,J (2635) Barcelona 2015 1-0 (41)}) ({RR} 9... Qd6 10. Bf4 e5 11.
Be3 Nc6 12. Qa4 Bd7 13. Rfc1 b6 14. Rab1 Ne7 15. Qd1 Nd5 16. Bd2 h6 17. a3 a5
18. Ne1 Kh7 19. Nc2 Rfc8 20. Ne3 Nxe3 21. fxe3 Bc6 22. Bxc6 Rxc6 23. Qa4 Rac8
24. b3 {Stokke,K (2309)-Bjarnason,S (1687) Bergen NOR 2023 1-0 (60)}) 10. Be3
Bxb2 $146 ({RR} 10... Nc6 11. Rc1 Qxa2 12. Bxc5 Be6 13. Nd2 Bd5 14. e4 Be6 15.
Ba3 Bxb2 16. Bxb2 Qxb2 17. Nf3 Bb3 18. Rb1 Bxd1 19. Rxb2 Bxf3 20. Bxf3 Rxd3 21.
Be2 Rd7 22. Rfb1 b6 23. Bb5 Rd6 24. f4 Rad8 25. Ba4 {De Leur,B (1971)-Oosthout,
W (1848) Leiden 2004 0-1 (61)}) 11. Rb1 Qxa2 12. Qc2 Bg4 13. Rxb2 Qe6 14. Rxb7
Rd5 15. Ng5 Qe5 16. Rxe7 Be6 17. Nxe6 1-0

[Event "Floripa Chess Open 2024"]
[Site "Florianopolis"]
[Date "2024.01.20"]
[Round "1.137"]
[White "Biazon, Natalia De Oliveira"]
[Black "Bezerra, Fabiano De Oliveira"]
[Result "0-1"]
[WhiteElo "1250"]
[BlackElo "1890"]
[PlyCount "80"]
[EventDate "2024.01.20"]
[EventRounds "10"]
[EventCountry "BRA"]

1. d4 Nf6 2. Bf4 Nh5 3. Bg3 ({RR} 3. Bg5 h6 4. Bh4 g5 5. e3 Nf6 6. Bg3 Bg7 7.
Bd3 d6 8. Nd2 Nc6 9. c3 e5 10. Qc2 Qe7 11. O-O-O Be6 12. h4 g4 13. h5 O-O-O 14.
Ne2 Kb8 15. Bh4 Qd7 16. Ng3 d5 17. Nf5 Bxf5 {Ponomariov,R (2744)-Andreikin,D  
(2683) Moscow 2010 0-1 (49)}) 3... Nxg3 4. hxg3 d5 ({RR} 4... c5 5. c3 cxd4 6.
cxd4 d5 7. Nc3 Nc6 8. e3 g6 9. Bd3 Bg7 10. Nf3 Bg4 11. Qb3 Bxf3 12. gxf3 O-O
13. Nxd5 e5 14. dxe5 Qa5+ 15. Kf1 Nxe5 16. Be4 Kh8 17. f4 Nd7 18. Bf3 Nc5 19.
Qc2 {Dong Bao Nghia (2324)-Hirneise,J (2266) chess.com INT 2023 1-0 (32)}) 5.
e3 Nd7 $146 ({RR} 5... Bf5 6. Nd2 e6 7. Ngf3 h6 8. Ne5 Nd7 9. Ndf3 Qe7 10. c3
Nf6 11. Bb5+ c6 12. Nxc6 Qc7 13. Nce5+ Ke7 14. Qa4 Ne4 15. O-O Nd6 16. Bd7 f6
17. g4 Be4 18. Bxe6 fxe5 19. Nxe5 b5 20. Qb3 {Droste,E (1764)-Lehrmann,W
Altenholz 2009 1-0 (55)}) 6. Nf3 Nf6 7. Bd3 Bg4 8. Nbd2 c6 9. c3 g6 10. Qb3 Qb6
11. Ne5 Qxb3 12. Nxb3 Bc8 13. O-O-O Ng4 14. Nxg4 Bxg4 15. f3 Bc8 16. e4 Bg7 17.
exd5 cxd5 18. Nd2 Bd7 19. Rhe1 e6 20. Nf1 Rc8 21. Bc2 Rc7 22. Bb3 O-O 23. Ne3
Rfc8 24. Kb1 a6 25. Rh1 Be8 26. Ng4 a5 27. a3 Rd8 28. Rde1 Bb5 29. Ne5 Rdc8 30.
Bc2 Be8 31. f4 b5 32. Rc1 Rb8 33. Nd3 Bf8 34. Bd1 b4 35. axb4 axb4 36. Kc2 bxc3
37. bxc3 Rbc8 38. Kd2 Ba3 39. Rc2 Bb4 40. Be2 Ba4 0-1

[Event "Floripa Chess Open 2024"]
[Site "Florianopolis"]
[Date "2024.01.20"]
[Round "1.138"]
[White "Scardini, Leonardo"]
[Black "Cerrato, Alex"]
[Result "0-1"]
[WhiteElo "1246"]
[BlackElo "1884"]
[PlyCount "68"]
[EventDate "2024.01.20"]
[EventRounds "10"]
[EventCountry "BRA"]

1. d4 d5 2. c4 e5 3. e3 exd4 4. exd4 dxc4 5. Bxc4 Qe7+ ({RR} 5... Bb4+ 6. Nc3
Nc6 7. Nf3 Nf6 8. O-O O-O 9. h3 Bf5 10. a3 Bxc3 11. bxc3 Na5 12. Ba2 c5 13. Ne5
Rc8 14. Bg5 cxd4 15. cxd4 Nc6 16. Nxc6 Rxc6 17. Qf3 Qd7 18. d5 Rd6 19. Bf4 Rb6
20. Rfe1 {Szelenyi,N (2350)-Bugyinszki,I (2300) Hungary 2000 1-0 (49)}) 6. Qe2
({RR} 6. Ne2 Nf6 7. O-O Nbd7 8. Re1 Qb4 9. Nf4+ Be7 10. b3 O-O 11. Ba3 Qa5 12.
Rxe7 c5 13. dxc5 Nxc5 14. b4 Qa4 15. Qxa4 Nxa4 16. Bb3 Nb6 17. Nc3 Nbd7 18.
Rae1 a6 19. g4 Nxg4 20. Rxf7 Nde5 {Sirera Ripoll,J (1765)-Cortijo Manso,L  
(1523) Madrid 2015 1-0}) 6... Nc6 7. Nf3 $146 ({RR} 7. Be3 Nf6 8. Nf3 Bg4 9.
O-O O-O-O 10. Rd1 Nb4 11. Na3 Nbd5 12. h3 Bh5 13. Rac1 Qd7 14. Rd3 Bb4 15. Nc2
Ba5 16. a3 Rhe8 17. b4 Bb6 18. Bb3 Nf4 19. Qd1 Nxd3 20. Qxd3 Bxf3 21. gxf3 Qxh3
{Potter,G-Kung,F Ann Arbor 1991 0-1 (52)}) 7... Qxe2+ 8. Bxe2 Bg4 9. Be3 O-O-O
10. Nbd2 Bb4 11. O-O Bxd2 12. Bxd2 Bxf3 13. Bxf3 Nxd4 14. Bg4+ f5 15. Bd1 Ne2+
16. Bxe2 Rxd2 17. Bc4 g6 18. Rfe1 Nf6 19. b4 Re8 20. Rxe8+ Nxe8 21. Be6+ Kd8
22. Bb3 Nd6 23. f3 f4 24. Rd1 Rxd1+ 25. Bxd1 Ke7 26. Be2 Kf6 27. g3 Ke5 28. Kf2
Nf5 29. Bd1 Nd4 30. a4 g5 31. g4 Kd5 32. Ke1 Kc4 33. b5 Kd3 34. Kf2 Kd2 0-1

[Event "Floripa Chess Open 2024"]
[Site "Florianopolis"]
[Date "2024.01.20"]
[Round "1.139"]
[White "Bastos, Guilherme Exterhott"]
[Black "Vieira, Luiza Lessing"]
[Result "1/2-1/2"]
[WhiteElo "1883"]
[BlackElo "1239"]
[PlyCount "56"]
[EventDate "2024.01.20"]
[EventRounds "10"]
[EventCountry "BRA"]

1. d4 d5 2. Bf4 Nf6 3. e3 c5 4. c3 Nc6 5. Nf3 Qb6 6. Qb3 c4 7. Qc2 Bf5 8. Qc1
e6 9. Nbd2 Be7 10. Nh4 ({RR} 10. Be2 O-O 11. h3 Rfc8 12. g4 Bg6 13. Nh4 e5 14.
Nxg6 hxg6 15. dxe5 Nd7 16. Nf3 Re8 17. Qd2 Rad8 18. O-O-O Nc5 19. Qc2 a5 20.
Kd2 a4 21. a3 Nd3 22. Bxd3 cxd3 23. Kxd3 Na5 24. Ke2 Nc4 {Aris,T (2036)-Rajasa,
M (1849) Penang MAS 2023 1/2-1/2}) 10... Bg6 ({RR} 10... O-O 11. Be2 Rfc8 12.
Nxf5 exf5 13. Qc2 g6 14. h3 h5 15. Rg1 Qd8 16. g4 fxg4 17. hxg4 hxg4 18. Bxg4
Nxg4 19. Rxg4 Qd7 20. Rxg6+ fxg6 21. Qxg6+ Kh8 22. Qh5+ Kg8 23. Ke2 Bf6 24.
Rg1+ Bg7 25. Bh6 {Vachier Lagrave,M (2784)-Lintchevski,D (2555) chess.com INT
2020 1-0 (36)}) ({RR} 10... Bg4 11. h3 Bh5 12. g4 Nd7 13. Ndf3 Bg6 14. Nxg6
hxg6 15. Bg2 O-O-O 16. Qc2 Nf6 17. Ne5 Nxe5 18. Bxe5 Bd6 19. f4 Be7 20. Bxf6
gxf6 21. O-O-O f5 22. Bf3 Qa5 23. b4 cxb3 24. axb3 Kb8 25. Kd2 {Bastos,G (1956)
-Calcado,A (2141) Florianopolis/SC 2019 0-1 (42)}) 11. Nxg6 hxg6 12. h3 Rc8
$146 ({RR} 12... Nd7 13. e4 f5 14. exd5 exd5 15. Nf3 Nf6 16. Ng5 Nd8 17. Be2
Ne6 18. Nxe6 Qxe6 19. Be5 Bd6 20. f4 Ne4 21. O-O g5 22. Bxd6 Ng3 23. Bd1 Nxf1
24. Be5 Ng3 25. fxg5 Ne4 26. Bxg7 Rg8 27. Bh5+ {Bleis,C (2267)-Yu,S Queenstown
2006 1-0 (40)}) 13. Be2 Qd8 14. O-O b5 15. Bf3 O-O 16. e4 Re8 17. Re1 Nh5 18.
Bh2 Nf6 19. a3 a5 20. Nf1 dxe4 21. Bxe4 Nxe4 22. Rxe4 Bf8 23. Qf4 Qf6 24. Rae1
Qxf4 25. Bxf4 Red8 26. Ne3 a4 27. Bg3 Rd7 28. Nc2 Rb7 1/2-1/2

[Event "Floripa Chess Open 2024"]
[Site "Florianopolis"]
[Date "2024.01.20"]
[Round "1.140"]
[White "De Carvalho, Amauri"]
[Black "Paz, Martin"]
[Result "0-1"]
[WhiteElo "1238"]
[BlackElo "1880"]
[PlyCount "64"]
[EventDate "2024.01.20"]
[EventRounds "10"]
[EventCountry "BRA"]

1. Nf3 Nf6 2. d4 d5 3. Nbd2 Bf5 4. e3 e6 5. Bb5+ c6 6. Be2 Bd6 7. c4 ({RR} 7.
Ne5 Nbd7 8. Ndf3 Qc7 9. Nxd7 Nxd7 10. Nh4 Bg6 11. f4 Be4 12. Nf3 f6 13. c3 e5
14. fxe5 fxe5 15. Ng5 Nf6 16. Nxe4 Nxe4 17. Bh5+ g6 18. Bf3 O-O-O 19. Bxe4 dxe4
20. d5 Be7 21. Qg4+ Qd7 {Freitas,M-De Carvalho,V (1437) Florianopolis BRA 2021
0-1 (60)}) 7... Nbd7 8. a3 $146 ({RR} 8. c5 Bc7 9. b4 a6 10. Bb2 O-O 11. O-O
Re8 12. a4 e5 13. dxe5 Nxe5 14. Qb3 Qd7 15. b5 Nxf3+ 16. Nxf3 Ne4 17. Rad1 Nxc5
18. Qb4 Bd6 19. Qd4 f6 20. Nd2 axb5 21. axb5 Ra4 22. bxc6 bxc6 {Bonnard,Y  
(1550)-Raffeneau,B (1700) Nogent le Retrou 2005 0-1 (35)}) 8... O-O 9. c5 Bc7
10. O-O e5 11. Nh4 Bg6 12. Nxg6 hxg6 13. b4 exd4 14. exd4 Re8 15. Nf3 Ne4 16.
Bd2 Ndf6 17. Re1 Ng4 18. Rf1 Qe7 19. Bd3 Rad8 20. h3 Ngf6 21. Re1 Qd7 22. Qc1
Nh5 23. Ng5 Nxd2 24. Nxf7 Rxe1+ 25. Qxe1 Nf3+ 26. gxf3 Qxf7 27. Qb1 Nf4 28. h4
Qf6 29. Qd1 Qxh4 30. Qf1 Qg5+ 31. Kh1 Kf7 32. Bxg6+ Qxg6 0-1

[Event "Floripa Chess Open 2024"]
[Site "Florianopolis"]
[Date "2024.01.20"]
[Round "1.141"]
[White "Cavalcante, Adriano Nunes"]
[Black "Vaz, Vania Dora Madona"]
[Result "1-0"]
[WhiteElo "1878"]
[BlackElo "1236"]
[PlyCount "55"]
[EventDate "2024.01.20"]
[EventRounds "10"]
[EventCountry "BRA"]

1. d4 Nf6 2. c4 g6 3. Nc3 Bg7 4. e4 d6 5. Nf3 O-O 6. Be2 e5 7. Be3 Ng4 8. Bg5
f6 9. Bc1 Nd7 10. O-O exd4 ({RR} 10... Kh8 11. Qc2 exd4 12. Nxd4 Nc5 13. h3 Nh6
14. Be3 f5 15. Qd2 Nf7 16. exf5 gxf5 17. f4 c6 18. Bf3 Qf6 19. Nde2 Qg6 20. Bd4
Ne6 21. Bxg7+ Nxg7 22. Qd4 Kg8 23. b4 Ne6 24. Qd2 Bd7 25. Nd4 {Shcherbakov,R  
(2580)-Irzhanov,R (2550) Ekaterinburg 1997 1/2-1/2 (38)}) ({RR} 10... h5 11.
Rb1 a5 12. a3 g5 13. b4 axb4 14. axb4 Rf7 15. c5 Kh7 16. dxe5 dxe5 17. Ne1 c6
18. h3 Nh6 19. Bxh5 Re7 20. Nc2 Qg8 21. Ne3 Nf8 22. Bg4 Be6 23. Qe2 Ng6 24. g3
Rd8 25. Kg2 {Ivic,V (2589)-Sourath,B (2264) chess.com INT 2023 1-0 (38)}) 11.
Nxd4 Nde5 12. f4 Nc6 $146 ({RR} 12... c5 13. Nc2 Nxh2 14. Kxh2 Nf7 15. f5 g5
16. Bh5 b6 17. Ne3 Bb7 18. Bxf7+ Rxf7 19. Ned5 Bc6 20. Be3 Qe8 21. Qh5 Qe5+ 22.
Kh1 Bxd5 23. cxd5 a6 24. a4 Rb8 25. Qh2 Qe7 26. a5 Qc7 27. axb6 {Akesson,R  
(2486)-Vieira,F Lisbon 2000 1-0 (49)}) 13. Nxc6 bxc6 14. Bxg4 f5 15. Bf3 Rb8
16. exf5 Bxf5 17. Bxc6 Rb6 18. Bf3 c5 19. Re1 Bd4+ 20. Be3 Qf6 21. Nd5 Bxe3+
22. Rxe3 Qd4 23. Qxd4 cxd4 24. Nxb6 dxe3 25. Nd5 Kg7 26. Re1 Bd3 27. b3 Re8 28.
Rxe3 1-0